[Event "Yanofsky Memorial op"]
[Site "Winnipeg"]
[Date "2008.08.30"]
[Round "2"]
[White "Araullo, Paolo"]
[Black "Hogeveen Rutter, Alexander"]
[Result "1-0"]
[WhiteElo "1920"]
[BlackElo "1870"]
[PlyCount "47"]
[EventDate "2008.08.29"]
[EventType "swiss"]
[EventRounds "5"]
[EventCountry "CAN"]
[SourceTitle "EXT 2011"]
[Source "ChessBase"]
[SourceDate "2010.11.26"]
[SourceVersion "1"]
[SourceVersionDate "2010.11.26"]
[SourceQuality "1"]

1. e4 c5 2. Nf3 Nc6 3. d4 cxd4 4. Nxd4 g6 5. Nc3 Bg7 6. Be3 d6 7. Qd2 Nf6 8. f3 0-0 9. 0-0-0 Nxd4 10. Bxd4 Be6 11. g4 a5 12. h4 a4 13. a3 h5 14. Bxf6 exf6 15. gxh5 gxh5 16. Qxd6 Qxd6 17. Rxd6 f5 18. Bd3 fxe4 19. Nxe4 Rfc8 20. f4 Kf8 21. Ng5 Ke7 22. Rb6 Bd5 23. Re1+ Kd8 24. Rd6+ 1-0

[Event "Yanofsky Memorial op"]
[Site "Winnipeg"]
[Date "2005.09.05"]
[Round "6"]
[White "Hogeveen Rutter, Alexander"]
[Black "Hinds, Ronald"]
[Result "1/2-1/2"]
[WhiteElo "1780"]
[BlackElo "1913"]
[PlyCount "28"]
[EventDate "2005.09.03"]
[EventType "swiss"]
[EventRounds "6"]
[EventCountry "CAN"]
[SourceTitle "CBM 108 Extra"]
[Source "ChessBase"]
[SourceDate "2005.11.04"]
[SourceVersion "1"]
[SourceVersionDate "2005.11.04"]
[SourceQuality "1"]

1. e4 c5 2. Nf3 e6 3. d4 cxd4 4. Nxd4 Nf6 5. f3 a6 6. c4 Nc6 7. Bg5 Qa5+ 8. Bd2 Qc7 9. Nxc6 dxc6 10. Nc3 e5 11. Be3 Be6 12. Be2 Bb4 13. Qc2 Qe7 14. 0-0 Bc5 1/2-1/2

[Event "Winnipeg Remembrance op"]
[Site "Winnipeg"]
[Date "2004.11.13"]
[Round "2"]
[White "Khedkar, Jay S"]
[Black "Hogeveen Rutter, Alexander"]
[Result "0-1"]
[WhiteElo "1934"]
[BlackElo "1706"]
[PlyCount "106"]
[EventDate "2004.11.12"]
[EventType "swiss"]
[EventRounds "5"]
[EventCountry "CAN"]
[SourceTitle "EXT 2006"]
[Source "ChessBase"]
[SourceDate "2005.11.24"]
[SourceVersion "1"]
[SourceVersionDate "2005.11.24"]
[SourceQuality "1"]

1. e4 c5 2. Nf3 Nc6 3. d4 cxd4 4. Nxd4 e6 5. Nb5 a6 6. Nd6+ Bxd6 7. Qxd6 Qe7 8. e5 f6 9. Qxe7+ Ngxe7 10. exf6 gxf6 11. g3 d5 12. Bg2 e5 13. c3 Be6 14. Nd2 b5 15. Nb3 Rd8 16. 0-0 h5 17. Be3 Kf7 18. f4 e4 19. Nd4 Nxd4 20. Bxd4 h4 21. Bc5 hxg3 22. hxg3 Bg4 23. Kf2 Rh2 24. Rh1 Rxg2+ 25. Kxg2 Bf3+ 26. Kf2 Bxh1 27. Rxh1 Nf5 28. g4 Ng7 29. f5 Rc8 30. Bd4 Rc6 31. Ke3 Kg8 32. Rh6 Ne8 33. g5 Kf7 34. g6+ Kg8 35. Kf4 a5 36. Rh7 Ng7 37. a3 Ra6 38. Rh3 a4 39. Rh1 Ne8 40. Kg4 Rc6 41. Rh7 Ng7 42. Be3 Rc7 43. Bh6 Re7 44. Bxg7 Rxg7 45. Rh2 Re7 46. Kf4 Kg7 47. Ke3 Re5 48. Kf4 Kg8 49. Kg4 Kg7 50. Rh7+ Kg8 51. Rd7 e3 52. Kh5 e2 53. Kh6 e1Q 0-1

[Event "Albert Boxer Classic op"]
[Site "Winnipeg"]
[Date "2004.05.15"]
[Round "2"]
[White "Anderson, George"]
[Black "Hogeveen Rutter, Alexander"]
[Result "1-0"]
[WhiteElo "1503"]
[BlackElo "1781"]
[PlyCount "85"]
[EventDate "2004.05.??"]
[EventType "swiss"]
[EventRounds "5"]
[EventCountry "CAN"]
[SourceTitle "EXT 2006"]
[Source "ChessBase"]
[SourceDate "2005.11.24"]
[SourceVersion "1"]
[SourceVersionDate "2005.11.24"]
[SourceQuality "1"]

1. e4 c5 2. b4 e6 3. b5 d5 4. exd5 exd5 5. Bb2 Nf6 6. h3 Be6 7. Nf3 Be7 8. a4 0-0 9. Nc3 d4 10. Ne2 a6 11. Nf4 axb5 12. Nxe6 fxe6 13. axb5 Nbd7 14. Bc4 Nd5 15. 0-0 Rxa1 16. Bxa1 N7b6 17. d3 Qd7 18. Re1 Re8 19. c3 dxc3 20. Qb3 Bf6 21. Ne5 Qc7 22. Bxc3 Nxc3 23. Qxc3 Nd5 24. Bxd5 exd5 25. d4 Re7 26. f4 cxd4 27. Qxd4 Qa5 28. Qxd5+ Kf8 29. Rc1 Qb6+ 30. Kh1 Qe6 31. Qxe6 Rxe6 32. Rc8+ Re8 33. Nd7+ Ke7 34. Rc7 Kd6 35. Rxb7 Re7 36. Nxf6 Rxb7 37. Nxh7 Rxb5 38. Ng5 Ke7 39. Kh2 Rb3 40. Nf3 Kf6 41. Kg3 Kf5 42. Kf2 Kxf4 43. g3+ 1-0

[Event "Winnipeg March Active"]
[Site "Winnipeg"]
[Date "2004.03.30"]
[Round "2"]
[White "Hogeveen Rutter, Alexander"]
[Black "Repa, Jason"]
[Result "0-1"]
[WhiteElo "1768"]
[BlackElo "1964"]
[PlyCount "44"]
[EventDate "2004.03.??"]
[EventType "swiss (rapid)"]
[EventRounds "4"]
[EventCountry "CAN"]
[SourceTitle "EXT 2006"]
[Source "ChessBase"]
[SourceDate "2005.11.24"]
[SourceVersion "1"]
[SourceVersionDate "2005.11.24"]
[SourceQuality "1"]

1. e4 e6 2. d4 d5 3. exd5 exd5 4. c4 dxc4 5. Bxc4 Nf6 6. Nc3 Be7 7. Nf3 0-0 8. 0-0 Bg4 9. Be3 Nbd7 10. h3 Bh5 11. Re1 Nb6 12. Be2 Nbd5 13. Qb3 b6 14. Rac1 c5 15. dxc5 Nxe3 16. fxe3 Bxc5 17. Bc4 Bxf3 18. gxf3 Qd2 19. Nd5 Nxd5 20. Bxd5 Bxe3+ 21. Kh1 Bf4 22. Kg1 Bg3 0-1

[Event "Winnipeg March Active"]
[Site "Winnipeg"]
[Date "2004.03.30"]
[Round "1"]
[White "Nikouline, Alexandre"]
[Black "Hogeveen Rutter, Alexander"]
[Result "0-1"]
[WhiteElo "1987"]
[BlackElo "1768"]
[PlyCount "80"]
[EventDate "2004.03.??"]
[EventType "swiss (rapid)"]
[EventRounds "4"]
[EventCountry "CAN"]
[SourceTitle "EXT 2006"]
[Source "ChessBase"]
[SourceDate "2005.11.24"]
[SourceVersion "1"]
[SourceVersionDate "2005.11.24"]
[SourceQuality "1"]

1. e4 c5 2. Nf3 Nc6 3. d4 cxd4 4. Nxd4 g6 5. c4 Bg7 6. Be3 Nf6 7. Nc3 0-0 8. Be2 d6 9. 0-0 Bd7 10. Rc1 a6 11. Qd2 Rc8 12. b3 Qa5 13. Nxc6 bxc6 14. Nd5 Qxd2 15. Nxe7+ Kh8 16. Bxd2 Rce8 17. Bf4 Nxe4 18. Bd3 Rxe7 19. Rce1 d5 20. Bd6 Nxd6 21. Rxe7 Be6 22. cxd5 cxd5 23. Bxa6 Ra8 24. Bb7 Ra7 25. a4 Rxb7 26. Rxb7 Nxb7 27. b4 Bc3 28. a5 Nxa5 29. bxa5 Bxa5 30. Ra1 Bc3 31. Ra8+ Kg7 32. Kf1 d4 33. f3 d3 34. Rd8 Bc4 35. Kf2 d2 36. g4 Bb3 37. Ke2 d1Q+ 38. Rxd1 Bxd1+ 39. Kxd1 Be5 40. h4 Bg3 0-1

[Event "Winnipeg March Active"]
[Site "Winnipeg"]
[Date "2004.03.30"]
[Round "3"]
[White "Taylor, Jasper"]
[Black "Hogeveen Rutter, Alexander"]
[Result "1-0"]
[WhiteElo "1417"]
[BlackElo "1768"]
[PlyCount "61"]
[EventDate "2004.03.??"]
[EventType "swiss (rapid)"]
[EventRounds "4"]
[EventCountry "CAN"]
[SourceTitle "EXT 2006"]
[Source "ChessBase"]
[SourceDate "2005.11.24"]
[SourceVersion "1"]
[SourceVersionDate "2005.11.24"]
[SourceQuality "1"]

1. e4 c5 2. b3 Nc6 3. Nf3 e6 4. Bb2 d5 5. d3 d4 6. Nbd2 e5 7. g3 Nf6 8. Bg2 Be7 9. 0-0 0-0 10. Nc4 Qc7 11. a4 Be6 12. Nfd2 a6 13. Na3 Ng4 14. h3 Nf6 15. Kh2 Qd7 16. Nf3 h6 17. Nc4 Bxc4 18. dxc4 Bd6 19. Nd2 b5 20. axb5 axb5 21. cxb5 Rxa1 22. Qxa1 Nb4 23. Qb1 Qxb5 24. Nc4 Bc7 25. Qd1 Ra8 26. Qd2 Ra2 27. Ra1 Qa6 28. Rxa2 Qxa2 29. f3 Nc6 30. Qc1 Nb4 31. h4 1-0

[Event "Winnipeg 2g a Month2"]
[Site "Winnipeg"]
[Date "2004.03.28"]
[Round "2"]
[White "Dharssi, Karim"]
[Black "Hogeveen Rutter, Alexander"]
[Result "0-1"]
[WhiteElo "1383"]
[BlackElo "1768"]
[PlyCount "76"]
[EventDate "2004.03.??"]
[EventType "swiss"]
[EventRounds "4"]
[EventCountry "CAN"]
[SourceTitle "EXT 2006"]
[Source "ChessBase"]
[SourceDate "2005.11.24"]
[SourceVersion "1"]
[SourceVersionDate "2005.11.24"]
[SourceQuality "1"]

1. c4 g6 2. g3 Bg7 3. Bg2 Nf6 4. d3 0-0 5. Nc3 c6 6. e3 d5 7. cxd5 Nxd5 8. Nxd5 cxd5 9. d4 Nc6 10. Ne2 Bf5 11. Nc3 Nb4 12. 0-0 Bd3 13. Nxd5 Bxf1 14. Nxb4 Bxg2 15. Kxg2 a5 16. Nd3 e5 17. dxe5 Bxe5 18. Qb3 Bg7 19. Nf4 b6 20. e4 Bd4 21. Be3 Bxe3 22. Qxe3 Rc8 23. Nd5 Rc6 24. Rc1 Rxc1 25. Qxc1 Re8 26. Qc3 Re6 27. f4 f5 28. Qc4 Kf8 29. e5 Qa8 30. Kh3 g5 31. g4 fxg4+ 32. Kxg4 Rc6 33. Nxb6 h5+ 34. Kf5 Rxc4 35. Nxa8 gxf4 36. Nb6 Rd4 37. e6 f3 38. Ke5 f2 0-1

[Event "Winnipeg 2g a Month2"]
[Site "Winnipeg"]
[Date "2004.03.28"]
[Round "1"]
[White "Hogeveen Rutter, Alexander"]
[Black "Liebzeit, Mick"]
[Result "1-0"]
[WhiteElo "1768"]
[BlackElo "1317"]
[PlyCount "43"]
[EventDate "2004.03.??"]
[EventType "swiss"]
[EventRounds "4"]
[EventCountry "CAN"]
[SourceTitle "EXT 2006"]
[Source "ChessBase"]
[SourceDate "2005.11.24"]
[SourceVersion "1"]
[SourceVersionDate "2005.11.24"]
[SourceQuality "1"]

1. e4 c5 2. Nf3 Nc6 3. d4 cxd4 4. Nxd4 g6 5. c4 Nf6 6. Nc3 d6 7. Be2 Bg7 8. Be3 0-0 9. Qd2 Nxd4 10. Bxd4 Be6 11. f3 Rc8 12. b3 Qa5 13. 0-0 Rfd8 14. Rac1 a6 15. Rfd1 b5 16. cxb5 axb5 17. Qe3 Rxc3 18. Rxc3 d5 19. Bb6 Qa8 20. Bxd8 Qxd8 21. Rcd3 d4 22. Rxd4 1-0

[Event "Winnipeg Kent Oliver Memorial"]
[Site "Winnipeg"]
[Date "2004.01.18"]
[Round "5"]
[White "Hogeveen Rutter, Alexander"]
[Black "Anderson, George"]
[Result "1-0"]
[WhiteElo "1698"]
[BlackElo "1469"]
[PlyCount "77"]
[EventDate "2004.01.16"]
[EventType "swiss"]
[EventRounds "5"]
[EventCountry "CAN"]
[SourceTitle "EXT 2005"]
[Source "ChessBase"]
[SourceDate "2004.11.15"]
[SourceVersion "1"]
[SourceVersionDate "2004.11.15"]
[SourceQuality "1"]

1. e4 e6 2. d4 d5 3. exd5 exd5 4. c4 c5 5. cxd5 Qxd5 6. Nc3 Qxd4 7. Qxd4 cxd4 8. Nb5 Na6 9. Nxd4 Bb4+ 10. Bd2 Nf6 11. Bxa6 Bxd2+ 12. Kxd2 bxa6 13. Ngf3 0-0 14. h3 Bb7 15. Rac1 Rad8 16. Kc2 Be4+ 17. Kb3 Rb8+ 18. Ka3 Rb7 19. Rhe1 Rd8 20. b3 h6 21. Rc4 Bd5 22. Rc2 Ne4 23. Rce2 Nc5 24. Re8+ Rxe8 25. Rxe8+ Kh7 26. Re5 Rd7 27. Re2 f6 28. Rc2 Nd3 29. g3 Be4 30. Re2 Rd5 31. Ka4 f5 32. b4 a5 33. b5 a6 34. bxa6 Nc5+ 35. Kb5 Bd3+ 36. Kc6 Rxd4 37. Nxd4 Bxe2 38. a7 Ne6 39. Nxe2 1-0

[Event "Winnipeg Kent Oliver Memorial"]
[Site "Winnipeg"]
[Date "2004.01.16"]
[Round "1"]
[White "Nikouline, Alexandre"]
[Black "Hogeveen Rutter, Alexander"]
[Result "1-0"]
[WhiteElo "1991"]
[BlackElo "1698"]
[PlyCount "41"]
[EventDate "2004.01.16"]
[EventType "swiss"]
[EventRounds "5"]
[EventCountry "CAN"]
[SourceTitle "EXT 2005"]
[Source "ChessBase"]
[SourceDate "2004.11.15"]
[SourceVersion "1"]
[SourceVersionDate "2004.11.15"]
[SourceQuality "1"]

1. e4 c5 2. Nf3 Nc6 3. Bb5 a6 4. Bxc6 bxc6 5. c4 d6 6. Nc3 g6 7. 0-0 Bg7 8. Re1 Be6 9. b3 Qa5 10. Bb2 Rb8 11. Na4 Bxb2 12. Nxb2 Qa3 13. Qc2 f6 14. Nd3 Bg4 15. Re3 Nh6 16. Nde5 0-0 17. Nxc6 Nf5 18. exf5 Bxf5 19. Nxe7+ Kh8 20. Nxf5 gxf5 21. Re7 1-0

[Event "Winnipeg Grand Prix-D"]
[Site "Winnipeg"]
[Date "2003.11.18"]
[Round "2"]
[White "Hogeveen Rutter, Alexander"]
[Black "Anderson, George"]
[Result "1-0"]
[WhiteElo "1753"]
[BlackElo "1468"]
[PlyCount "55"]
[EventDate "2003.11.04"]
[EventType "tourn"]
[EventRounds "6"]
[EventCountry "CAN"]
[SourceTitle "EXT 2006"]
[Source "ChessBase"]
[SourceDate "2005.11.24"]
[SourceVersion "1"]
[SourceVersionDate "2005.11.24"]
[SourceQuality "1"]

1. e4 e6 2. d4 d5 3. e5 Bd7 4. c4 dxc4 5. Bxc4 c5 6. Nf3 Qb6 7. d5 exd5 8. Bxd5 Bb5 9. Qb3 Nd7 10. Bxf7+ Kd8 11. Bxg8 Rc8 12. Bc4 Bxc4 13. Qxc4 Qb4+ 14. Qxb4 cxb4 15. 0-0 Rc2 16. Nd4 Rc4 17. Ne6+ Ke7 18. Nxf8 Rxf8 19. Bd2 Nxe5 20. a3 a5 21. axb4 axb4 22. b3 Rg4 23. f3 Nxf3+ 24. Kh1 Nxd2 25. Nxd2 Rd8 26. Rae1+ Kd7 27. Nc4 b5 28. Ne5+ 1-0

[Event "Winnipeg TNT Oct op"]
[Site "Winnipeg"]
[Date "2003.10.14"]
[Round "2"]
[White "Tang, Edward"]
[Black "Hogeveen Rutter, Alexander"]
[Result "1-0"]
[WhiteElo "1968"]
[BlackElo "1698"]
[PlyCount "61"]
[EventDate "2003.10.07"]
[EventType "swiss"]
[EventRounds "4"]
[EventCountry "CAN"]
[SourceTitle "EXT 2006"]
[Source "ChessBase"]
[SourceDate "2005.11.24"]
[SourceVersion "1"]
[SourceVersionDate "2005.11.24"]
[SourceQuality "1"]

1. e4 c5 2. Nf3 Nc6 3. d4 cxd4 4. Nxd4 g6 5. c4 Bg7 6. Be3 Nf6 7. Nc3 0-0 8. Be2 d6 9. 0-0 Bd7 10. Qd2 a6 11. Nc2 Rc8 12. h3 Qa5 13. f4 Rfd8 14. Rab1 Ne8 15. b4 Bxc3 16. Qxc3 Qa4 17. Bd1 a5 18. b5 Na7 19. Na3 Nxb5 20. Nxb5 Qxa2 21. Bb3 Qe2 22. Rf2 Qh5 23. Qxa5 Nc7 24. Qb4 Na6 25. Qd2 Bc6 26. Nc3 Nc5 27. Bc2 Ra8 28. Nd5 Kf8 29. Qc3 f6 30. Bxc5 dxc5 31. Nc7 1-0

[Event "Winnipeg Thanksgiving op"]
[Site "Winnipeg"]
[Date "2003.10.12"]
[Round "5"]
[White "Shome, Devarshi"]
[Black "Hogeveen Rutter, Alexander"]
[Result "0-1"]
[WhiteElo "1676"]
[BlackElo "1698"]
[PlyCount "78"]
[EventDate "2003.10.10"]
[EventType "swiss"]
[EventRounds "5"]
[EventCountry "CAN"]
[SourceTitle "EXT 2006"]
[Source "ChessBase"]
[SourceDate "2005.11.24"]
[SourceVersion "1"]
[SourceVersionDate "2005.11.24"]
[SourceQuality "1"]

1. e4 c5 2. Nf3 Nc6 3. d4 cxd4 4. Nxd4 g6 5. Nc3 Bg7 6. Be3 Nf6 7. f3 0-0 8. Qd2 d6 9. 0-0-0 Nxd4 10. Bxd4 Be6 11. g4 Qa5 12. a3 Rac8 13. h4 h5 14. g5 Nd7 15. Bxg7 Kxg7 16. Qd4+ Kg8 17. f4 Qc5 18. Qd2 Nb6 19. Be2 Nc4 20. Bxc4 Qxc4 21. f5 gxf5 22. Rhg1 Kh7 23. g6+ fxg6 24. Qg5 Rf6 25. exf5 Bxf5 26. Rde1 Re6 27. Ref1 Rc5 28. Rf4 Qa6 29. Rgf1 Qc6 30. Rxf5 Rxf5 31. Rxf5 gxf5 32. Qxf5+ Rg6 33. Nd5 Kg7 34. Nf4 Qh1+ 35. Kd2 Qh2+ 36. Kc3 Qg3+ 37. Kd2 Qf2+ 38. Kc3 Rg3+ 39. Nd3 Qxf5 0-1

[Event "Winnipeg Thanksgiving op"]
[Site "Winnipeg"]
[Date "2003.10.10"]
[Round "1"]
[White "Hogeveen Rutter, Alexander"]
[Black "Vincent, Trevor"]
[Result "0-1"]
[WhiteElo "1698"]
[BlackElo "2101"]
[PlyCount "32"]
[EventDate "2003.10.10"]
[EventType "swiss"]
[EventRounds "5"]
[EventCountry "CAN"]
[SourceTitle "EXT 2006"]
[Source "ChessBase"]
[SourceDate "2005.11.24"]
[SourceVersion "1"]
[SourceVersionDate "2005.11.24"]
[SourceQuality "1"]

1. e4 c5 2. Nf3 Nc6 3. d4 cxd4 4. Nxd4 g6 5. Nc3 Bg7 6. Be3 Nf6 7. Be2 0-0 8. Qd2 d5 9. f3 e5 10. Nxc6 bxc6 11. 0-0 d4 12. Rfd1 Qe7 13. Bxd4 exd4 14. Qxd4 Nd5 15. Qd2 Nxc3 16. bxc3 Qc5+ 0-1

[Event "Winnipeg TNT Sept op"]
[Site "Winnipeg"]
[Date "2003.09.30"]
[Round "4"]
[White "Milord, Frank"]
[Black "Hogeveen Rutter, Alexander"]
[Result "0-1"]
[WhiteElo "1566"]
[BlackElo "1698"]
[PlyCount "70"]
[EventDate "2003.09.09"]
[EventType "swiss"]
[EventRounds "4"]
[EventCountry "CAN"]
[SourceTitle "EXT 2006"]
[Source "ChessBase"]
[SourceDate "2005.11.24"]
[SourceVersion "1"]
[SourceVersionDate "2005.11.24"]
[SourceQuality "1"]

1. e4 c5 2. Nf3 Nc6 3. d4 cxd4 4. Nxd4 g6 5. c4 Bg7 6. Be3 Nf6 7. Nc3 d6 8. Be2 0-0 9. 0-0 a6 10. Kh1 Re8 11. f4 Qb6 12. Qb3 Qc7 13. Nxc6 bxc6 14. Qc2 Rb8 15. Rab1 Rb7 16. Bf3 Be6 17. b3 Reb8 18. f5 Bd7 19. g4 Qa5 20. Bd2 Qa3 21. Bc1 Qc5 22. Bf4 a5 23. Na4 Qa7 24. c5 Bf8 25. Be3 e6 26. Qf2 d5 27. e5 Ne8 28. f6 Nc7 29. Nb6 Na6 30. Nxd7 Rxd7 31. a3 Bxc5 32. Bxc5 Nxc5 33. b4 axb4 34. axb4 Nd3 35. Qxa7 Rxa7 0-1

[Event "Winnipeg TNT Aug op"]
[Site "Winnipeg"]
[Date "2003.08.26"]
[Round "4"]
[White "Hogeveen Rutter, Alexander"]
[Black "Wood, Nathaniel"]
[Result "1-0"]
[WhiteElo "1661"]
[BlackElo "1132"]
[PlyCount "71"]
[EventDate "2003.08.05"]
[EventType "swiss"]
[EventRounds "4"]
[EventCountry "CAN"]
[SourceTitle "EXT 2006"]
[Source "ChessBase"]
[SourceDate "2005.11.24"]
[SourceVersion "1"]
[SourceVersionDate "2005.11.24"]
[SourceQuality "1"]

1. e4 Nf6 2. Nc3 e6 3. d4 d6 4. Nf3 Nc6 5. Bd3 g6 6. 0-0 Bg7 7. Ne2 0-0 8. c3 b6 9. Bg5 Qe8 10. Ng3 h6 11. Bf4 e5 12. Be3 Ng4 13. h3 exd4 14. Bxd4 Bxd4 15. cxd4 Nf6 16. Re1 Bb7 17. Bb5 a6 18. Bxc6 Bxc6 19. Qc1 Qd7 20. Qxh6 Ne8 21. Ng5 f6 22. Qxg6+ Qg7 23. Qxg7+ Kxg7 24. Ne6+ Kf7 25. Nxf8 Kxf8 26. d5 Bd7 27. Rac1 Kf7 28. Re3 Rc8 29. Rec3 Bb5 30. b3 Ke7 31. a4 Bd7 32. f4 b5 33. axb5 Bxb5 34. Nf5+ Kd7 35. Nd4 Rb8 36. g4 1-0

[Event "Winnipeg Summer op"]
[Site "Winnipeg"]
[Date "2003.07.25"]
[Round "1"]
[White "Baragar, Fletcher"]
[Black "Hogeveen Rutter, Alexander"]
[Result "1-0"]
[WhiteElo "2261"]
[BlackElo "1661"]
[PlyCount "49"]
[EventDate "2003.07.25"]
[EventType "swiss"]
[EventRounds "5"]
[EventCountry "CAN"]
[SourceTitle "EXT 2006"]
[Source "ChessBase"]
[SourceDate "2005.11.24"]
[SourceVersion "1"]
[SourceVersionDate "2005.11.24"]
[SourceQuality "1"]

1. d4 Nf6 2. c4 g6 3. Nc3 Bg7 4. e4 d6 5. Be2 0-0 6. Bg5 a6 7. Qd2 Nbd7 8. f3 c5 9. d5 Ne5 10. Bh6 Qa5 11. Bxg7 Kxg7 12. f4 Ned7 13. Nf3 Nb6 14. e5 Ng8 15. 0-0 Qb4 16. b3 h5 17. Qb2 Nd7 18. exd6 exd6 19. Ne4+ Ndf6 20. Nxd6 Bd7 21. Ne5 Rad8 22. Bf3 Ba4 23. Ne4 Qb6 24. Nd3 Rc8 25. bxa4 1-0

[Event "Winnipeg op"]
[Site "Winnipeg"]
[Date "2003.06.21"]
[Round "3"]
[White "Zaczek, Jonathon"]
[Black "Hogeveen Rutter, Alexander"]
[Result "0-1"]
[WhiteElo "1638"]
[BlackElo "1611"]
[PlyCount "101"]
[EventDate "2003.06.20"]
[EventType "swiss"]
[EventRounds "5"]
[EventCountry "CAN"]
[SourceTitle "EXT 2006"]
[Source "ChessBase"]
[SourceDate "2005.11.24"]
[SourceVersion "1"]
[SourceVersionDate "2005.11.24"]
[SourceQuality "1"]

1. f4 e6 2. Nf3 Nc6 3. d4 Nf6 4. e3 b6 5. Bd3 Bb7 6. e4 Be7 7. c3 0-0 8. 0-0 h6 9. Qe1 Re8 10. Qg3 Kh8 11. e5 Nd5 12. f5 exf5 13. Bxf5 Bf8 14. Qh3 Re7 15. Be4 Na5 16. Ng5 f6 17. Nf3 Nf4 18. Qf5 Ne2+ 19. Kh1 Bxe4 20. Qxe4 Nxc1 21. Rxc1 Nc6 22. Rf1 d5 23. Qf4 fxe5 24. dxe5 Qe8 25. Re1 Rf7 26. Qg3 Bc5 27. Nbd2 a5 28. Nb3 Bf8 29. Nbd4 Nxd4 30. cxd4 c5 31. Rad1 Rd8 32. Qg6 Rb7 33. Qxe8 Rxe8 34. dxc5 bxc5 35. b3 d4 36. Re4 Rd7 37. Rd3 Bd6 38. Rd2 Rc7 39. Kg1 Rce7 40. Kf2 Bxe5 41. Nxe5 Rxe5 42. Rxe5 Rxe5 43. Re2 Rxe2+ 44. Kxe2 Kh7 45. Kd3 Kg6 46. a3 Kf5 47. Ke2 Ke4 48. a4 g5 49. Kd2 h5 50. Ke2 d3+ 51. Kd2 0-1

[Event "Albert Boxer Classic op"]
[Site "Winnipeg"]
[Date "2003.05.19"]
[Round "4"]
[White "Hogeveen Rutter, Alexander"]
[Black "Zaczek, Jonathon"]
[Result "1/2-1/2"]
[WhiteElo "1585"]
[BlackElo "1614"]
[PlyCount "82"]
[EventDate "2003.05.17"]
[EventType "swiss"]
[EventRounds "5"]
[EventCountry "CAN"]
[SourceTitle "CBM 094 Extra"]
[Source "ChessBase"]
[SourceDate "2003.07.09"]
[SourceVersion "2"]
[SourceVersionDate "2003.07.09"]
[SourceQuality "1"]

1. e4 c5 2. Nf3 d6 3. Nc3 Nf6 4. d4 cxd4 5. Nxd4 a6 6. Be3 e5 7. Nb3 Be6 8. Bg5 Nbd7 9. h3 Be7 10. Qd2 Rc8 11. Bd3 b5 12. g3 Nc5 13. Bxf6 Nxd3+ 14. Qxd3 Bxf6 15. 0-0-0 Be7 16. Nd5 Bxd5 17. Qxd5 Rc5 18. Qb7 Qc8 19. Qxc8+ Rxc8 20. Rd5 0-0 21. Rhd1 Rc4 22. Nd2 Rc6 23. b3 Rfc8 24. c4 Bg5 25. Kb2 Bxd2 26. R1xd2 bxc4 27. bxc4 f6 28. Rxd6 Rxc4 29. Rd8+ Rxd8 30. Rxd8+ Kf7 31. f3 a5 32. Rd7+ Kg6 33. a3 h5 34. h4 Kh6 35. Rd6 Kg6 36. Rd1 Kf7 37. Rd7+ Kf8 38. Rd6 Ke7 39. Ra6 a4 40. Ra7+ Kf8 41. Rd7 Kg8 1/2-1/2

[Event "Albert Boxer Classic op"]
[Site "Winnipeg"]
[Date "2003.05.17"]
[Round "1"]
[White "Hogeveen Rutter, Alexander"]
[Black "Kaptsan, Aron"]
[Result "1/2-1/2"]
[WhiteElo "1585"]
[BlackElo "1999"]
[PlyCount "64"]
[EventDate "2003.05.17"]
[EventType "swiss"]
[EventRounds "5"]
[EventCountry "CAN"]
[SourceTitle "CBM 094 Extra"]
[Source "ChessBase"]
[SourceDate "2003.07.09"]
[SourceVersion "2"]
[SourceVersionDate "2003.07.09"]
[SourceQuality "1"]

1. e4 Nf6 2. Nc3 e5 3. Nf3 d6 4. Bc4 Be7 5. 0-0 0-0 6. d3 Nc6 7. h3 Na5 8. Bd5 c6 9. Bb3 Nxb3 10. axb3 h6 11. Be3 a6 12. Na4 Be6 13. Qd2 Nd7 14. d4 exd4 15. Nxd4 b5 16. Nb6 Nxb6 17. Nxc6 Qc7 18. Nxe7+ Qxe7 19. Bxb6 Qb7 20. Qd4 Rfc8 21. Rfc1 Rc6 22. Ba5 Rac8 23. Bc3 f6 24. f3 Qf7 25. Rd1 Qg6 26. g4 h5 27. Kh2 Kf7 28. Rg1 hxg4 29. hxg4 Qg5 30. Kg3 Qe5+ 31. Qxe5 dxe5 32. Rg2 b4 1/2-1/2

[Event "Winnipeg TNT Febr op"]
[Site "Winnipeg"]
[Date "2003.02.25"]
[Round "4"]
[White "Hogeveen Rutter, Alexander"]
[Black "Kohalmi, Andy"]
[Result "1-0"]
[WhiteElo "1585"]
[BlackElo "1506"]
[PlyCount "124"]
[EventDate "2003.02.25"]
[EventType "team"]
[EventRounds "4"]
[EventCountry "CAN"]
[SourceTitle "EXT 2004"]
[Source "ChessBase"]
[SourceDate "2003.11.25"]
[SourceVersion "1"]
[SourceVersionDate "2003.11.25"]
[SourceQuality "1"]

1. e4 c5 2. Nf3 e6 3. Nc3 a6 4. Bc4 b5 5. Be2 Nc6 6. d3 Be7 7. 0-0 Nf6 8. h3 d6 9. Bg5 h6 10. Bh4 Bb7 11. Bg3 0-0 12. e5 dxe5 13. Bxe5 Nxe5 14. Nxe5 b4 15. Na4 Qd5 16. Bf3 Qxe5 17. Bxb7 Ra7 18. Bf3 Rd8 19. Re1 Qd6 20. a3 a5 21. axb4 axb4 22. b3 Nh7 23. Re3 Ng5 24. Bh5 Bf6 25. Rb1 e5 26. h4 Ne6 27. Qg4 Qe7 28. g3 g6 29. Bxg6 fxg6 30. Qxg6+ Qg7 31. Qxg7+ Rxg7 32. Kh2 Re8 33. Nb6 Ra7 34. Rc1 Ra2 35. Nd7 Bg7 36. Nxe5 Nd4 37. Nd7 Rxe3 38. fxe3 Nxc2 39. Nxc5 Nxe3+ 40. Kh3 Rb2 41. Re1 Bd4 42. Ne6 Bb6 43. d4 Rxb3 44. Kh2 Rb2+ 45. Kh3 Nf5 46. Re4 Rb3 47. Rg4+ Kf7 48. h5 Kxe6 49. Rg6+ Kd5 50. Rxb6 Rxg3+ 51. Kh2 b3 52. Rb5+ Ke4 53. d5 Rd3 54. Kg2 Ne3+ 55. Kf2 Nxd5 56. Rb8 Rh3 57. Ke1 Kd4 58. Kd2 Rh2+ 59. Kc1 b2+ 60. Rxb2 Rxb2 61. Kxb2 Nf4 62. Kc2 Ke3 1-0

[Event "Winnipeg Kent Oliver Memorial"]
[Site "Winnipeg"]
[Date "2003.01.??"]
[Round "3.8"]
[White "Hogeveen Rutter, Alexander"]
[Black "Tetrault, Charles"]
[Result "1-0"]
[WhiteElo "1509"]
[BlackElo "1585"]
[PlyCount "61"]
[EventDate "2003.01.18"]
[EventType "swiss"]
[EventRounds "5"]
[EventCountry "CAN"]
[SourceTitle "EXT 2004"]
[Source "ChessBase"]
[SourceDate "2003.11.25"]
[SourceVersion "1"]
[SourceVersionDate "2003.11.25"]
[SourceQuality "1"]

1. e4 e5 2. Nf3 Nc6 3. Nc3 Nf6 4. Bb5 d6 5. d3 Bd7 6. a3 Be7 7. 0-0 0-0 8. h3 a6 9. Ba4 Be6 10. Bxc6 bxc6 11. d4 exd4 12. Nxd4 Bd7 13. Re1 c5 14. Nf3 Bc6 15. e5 Nd7 16. e6 fxe6 17. Rxe6 Bxf3 18. gxf3 Ne5 19. f4 Qd7 20. Rxe7 Qxe7 21. fxe5 dxe5 22. Be3 Rad8 23. Qg4 Rf6 24. Bg5 Rd4 25. Qg3 Qe6 26. Bxf6 Qxf6 27. Rd1 Rh4 28. Rd7 c6 29. f3 Rh6 30. Ne4 Qe6 31. Qxg7# 1-0